000 03960nam0a2200421 4500
001 RU\NLR\BIBL_A\012755874
005 20220603161241.0
010 _a978-5-98755-271-1
_9500
021 _aRU
_bКН-П-21-091872
_9КН-П-21-7326
035 _a(NLR Aleph) 012755874
035 _a(RuMoRGB)010935337
090 _a13046847
_c13046847
100 _a20220408d2021 k y0rusy50 ca
101 0 _arus
102 _aRU
105 _aa|||z|||000zy
181 0 _ai
_baxxe
182 0 _an
200 1 _aМоделирование колебательных процессов в распределенной и сосредоточенной системах
_eмонография
_fН.С. Шулаев, Г.Ф. Ефимова
_gМинистерство науки и высшего образования Российской Федерации, Федеральное государственное бюджетное образовательное учреждение высшего образования "Уфимский государственный нефтяной технический университет"
203 _aТекст
_bвизуальный
_cнепосредственный
210 _aУфа
_cФобос
_cИзд-во УГНТУ
_d2021
215 _a174 с.
_cил., табл.
_d21
320 _aБиблиогр.: с. 173 (11 назв.)
330 _aМонография содержит достаточно подробный теоретический материал колебательных и волновых процессов и моделирования колебательных процессов в задачах гидродинамики и теплофизики. Также рассмотрены распространение электромагнитных полей в пространстве, колебания в сплошных системах (длинных линиях), в дискретных системах со многими степенями свободы (искусственных длинных линиях) и в одиночном колебательном контуре. Рассмотрены конкретные модели колебательных процессов при нефтедобыче, проведен их анализ, методы решения поставленных задач и получены результаты, удовлетворительно согласующиеся с экспериментальными данными. Монография адресована инженерно-техническим работникам, аспирантам, магистрантам, студентам технических вузов инженерных направлений подготовки, всем, кто интересуется разработкой математических моделей колебательных и волновых процессов
606 1 _aВолновые процессы
_xМатематическое моделирование
_91312045
_3RU\NLR\AUTH\66227810
606 1 _aКолебания
_xМатематическое моделирование
_92069134
_3RU\NLR\AUTH\661243819
606 1 _aЭлектромагнитные колебания
_92105761
_3RU\NLR\AUTH\661273062
606 1 _aНефть
_xДобыча
_xГидродинамическое моделирование
_92593767
_3RU\NLR\AUTH\661532654
675 _a534:51
_v4
686 1 _aВ236.35с116
686 1 _aВ336
686 1 _aИ361-1с314
700 1 _aШулаев
_bН. С.
_gНиколай Сергеевич
701 1 _7ca
_8rus
_aЕфимова
_bГ. Ф.
_cканд. физ.-мат. наук
_gГалина Федоровна
_9170969
_3RU\NLR\AUTH\770171019
942 _cBOOK
980 _aNB